Air navigation (Record no. 277471)
[ view plain ]
| 000 -LEADER | |
|---|---|
| fixed length control field | 00210 a2200097 4500 |
| 001 - CONTROL NUMBER | |
| control field | 42398 |
| 090 ## - LOCALLY ASSIGNED LC-TYPE CALL NUMBER (OCLC); LOCAL CALL NUMBER (RLIN) | |
| -- | 26330 |
| -- | 26330 |
| 100 ## - MAIN ENTRY--PERSONAL NAME | |
| Personal name | Barnes I.H |
| 245 ## - TITLE STATEMENT | |
| Title | Air navigation |
| 260 ## - PUBLICATION, DISTRIBUTION, ETC. | |
| Place of publication, distribution, etc. | London |
| Name of publisher, distributor, etc. | Majesty's office |
| Date of publication, distribution, etc. | |
| 942 ## - ADDED ENTRY ELEMENTS (KOHA) | |
| Institution code [OBSOLETE] | NUST-CAE |
| Koha item type | |
| -- | |
| Withdrawn status | Lost status | Damaged status | Not for loan | Collection code | Permanent Location | Current Location | Date acquired | Total Checkouts | Barcode | Date last seen | Price effective from | Koha item type |
|---|---|---|---|---|---|---|---|---|---|---|---|---|
| College of Aeronautical Engineering (CAE) | College of Aeronautical Engineering (CAE) | 04/03/2017 | CAE42538 | 04/05/2017 | 04/05/2017 | Book | ||||||
| College of Aeronautical Engineering (CAE) | College of Aeronautical Engineering (CAE) | 04/03/2017 | CAE42544 | 04/05/2017 | 04/05/2017 | Book | ||||||
| College of Aeronautical Engineering (CAE) | College of Aeronautical Engineering (CAE) | 04/03/2017 | CAE42543 | 04/05/2017 | 04/05/2017 | Book | ||||||
| College of Aeronautical Engineering (CAE) | College of Aeronautical Engineering (CAE) | 04/03/2017 | CAE42540 | 04/05/2017 | 04/05/2017 | Book |
